00405 a2200121 4500001001000000005001700010008004100027245008000068100001900148700002300167700002200190773007100212ART_5724520260410161610.0260409a 10aEl proceso de normalización contable y la Norma Unificada Argentina (NUA)1 aSader, Gustavo1 aVerón, Carmen S.1 aWerbin, Eliana M.0 tProfesional & Empresariag- Año XXIV, Nº 278 (nov. 2022)wREV70